<?xml version="1.0" encoding="UTF-8"?>
<record
    xmlns:xsi="http://www.w3.org/2001/XMLSchema-instance"
    xsi:schemaLocation="http://www.loc.gov/MARC21/slim http://www.loc.gov/standards/marcxml/schema/MARC21slim.xsd"
    xmlns="http://www.loc.gov/MARC21/slim">

  <leader>01503nam a22002417i 4500</leader>
  <datafield tag="999" ind1=" " ind2=" ">
    <subfield code="c">23101</subfield>
    <subfield code="d">23101</subfield>
  </datafield>
  <controlfield tag="003">AR-CdUCM</controlfield>
  <controlfield tag="008">241028b20172017 pe||||| |||| 00| 0 spa d</controlfield>
  <datafield tag="020" ind1=" " ind2=" ">
    <subfield code="a">978-612-4329-13-5</subfield>
  </datafield>
  <datafield tag="040" ind1=" " ind2=" ">
    <subfield code="a">MUNICIPALIDAD PROVINCIAL DEL CUSCO</subfield>
    <subfield code="c">BIBLIOTECA MUNICIPAL DEL CUSCO</subfield>
  </datafield>
  <datafield tag="082" ind1=" " ind2=" ">
    <subfield code="a">327.85091 / P59</subfield>
    <subfield code="b">P59</subfield>
  </datafield>
  <datafield tag="100" ind1=" " ind2=" ">
    <subfield code="a">Pinto-Bazurco Rittler, Ernesto </subfield>
  </datafield>
  <datafield tag="245" ind1=" " ind2=" ">
    <subfield code="a">Diplomacia por la libertad : </subfield>
    <subfield code="b">Testimonio confidencial de un embajador /</subfield>
  </datafield>
  <datafield tag="260" ind1=" " ind2=" ">
    <subfield code="a">Lima : </subfield>
    <subfield code="c">2017 </subfield>
    <subfield code="b">Fondo Editorial del Congreso del Per&#xFA; </subfield>
  </datafield>
  <datafield tag="300" ind1=" " ind2=" ">
    <subfield code="a">402 p&#xE1;ginas. : </subfield>
    <subfield code="c">23 cm </subfield>
  </datafield>
  <datafield tag="505" ind1=" " ind2=" ">
    <subfield code="a">Una Isla a la deriva -- El hundimiento de una nave ha sido, desde antiguo, motivo para la declaraci&#xF3;n de guerra -- Naciones unidas: encuentro cubano-peruano -- Instrucciones especiales -- Sin el SIN(servicio de inteligencia del Per&#xFA;) -- La isla bella ... y sus autom&#xF3;viles --  Se ve&#xED;a venir tiempos dif&#xED;ciles -- Las utop&#xED;as en el poder -- &#xC1;ngel G&#xE1;lvez &#xBF;polic&#xED;a o desertor? -- La presi&#xF3;n por el &#xE9;xodo. Antes del estallido --  En la soledad, lo tan esperado que nunca lleg&#xF3; -- La muerte est&#xE1; rodando -- En saber decidir sobre la vida y  la muerte de otros radica el poder -- Invasi&#xF3;n a la embajada o &#xE9;xodo masivo hacia la misi&#xF3;n diplom&#xE1;tica -- A&#xFA;n m&#xE1;s all&#xE1; de Cuba y los sucesos -- El destino estuvo de mi parte  </subfield>
  </datafield>
  <datafield tag="650" ind1=" " ind2=" ">
    <subfield code="a">Guerra</subfield>
    <subfield code="9">1007</subfield>
  </datafield>
  <datafield tag="650" ind1=" " ind2=" ">
    <subfield code="a">Instrucciones</subfield>
    <subfield code="9">50791</subfield>
  </datafield>
  <datafield tag="650" ind1=" " ind2=" ">
    <subfield code="a">Presi&#xF3;n </subfield>
    <subfield code="9">18784</subfield>
  </datafield>
  <datafield tag="650" ind1=" " ind2=" ">
    <subfield code="a">Estrategias</subfield>
    <subfield code="9">13946</subfield>
  </datafield>
  <datafield tag="942" ind1=" " ind2=" ">
    <subfield code="2">ddc</subfield>
    <subfield code="c">LIBROS</subfield>
  </datafield>
  <datafield tag="945" ind1=" " ind2=" ">
    <subfield code="a">pbj</subfield>
    <subfield code="d">11-11-2024</subfield>
  </datafield>
  <datafield tag="952" ind1=" " ind2=" ">
    <subfield code="0">0</subfield>
    <subfield code="2">ddc</subfield>
    <subfield code="4">0</subfield>
    <subfield code="7">0</subfield>
    <subfield code="a">SH</subfield>
    <subfield code="b">SH</subfield>
    <subfield code="c">CART</subfield>
    <subfield code="d">2024-10-28</subfield>
    <subfield code="e">Donaci&#xF3;n</subfield>
    <subfield code="g">35.00</subfield>
    <subfield code="o">327.85091 / P59</subfield>
    <subfield code="p">SH0000016832</subfield>
    <subfield code="r">2024-10-28</subfield>
    <subfield code="y">LIBROS</subfield>
  </datafield>
</record>
